[Event "European Rapid 2017"]
[Site "Katowice POL"]
[Date "2017.12.17"]
[Round "8.96"]
[White "Laszczak, Przemyslaw"]
[Black "Sroczynski, Maciej"]
[Result "0-1"]
[BlackTitle "FM"]
[WhiteElo "2100"]
[BlackElo "2309"]
[WhiteFideId "1185861"]
[BlackFideId "1121472"]
[EventDate "2017.12.16"]

1. d4 d5 2. Nf3 Nf6 3. e3 c5 4. b3 Nc6 5. Bb2 Bg4 6. Nbd2 e6 7. a3 Bd6 8. Bd3
O-O 9. O-O Qe7 10. Qe1 e5 11. dxe5 Nxe5 12. Nxe5 Bxe5 13. Bxe5 Qxe5 14. f3 Bd7
15. Qf2 b5 16. c4 dxc4 17. bxc4 b4 18. axb4 cxb4 19. Nb3 a5 20. f4 Qc3 21. Qc2
Qxc2 22. Bxc2 a4 23. Nd4 Rfc8 24. Bd3 Be8 25. Rfb1 b3 26. h3 g6 27. Kf2 Kf8 28.
Ke2 h5 29. g3 Ke7 30. e4 Nd7 31. e5 Nc5 32. f5 gxf5 33. Bxf5 Bd7 34. g4 hxg4 35.
hxg4 Rh8 36. Kd2 Rh3 37. Bxd7 Kxd7 38. Ra3 Rd3+ 39. Ke2 Rxd4 40. Rd1 Rxd1 41.
Kxd1 Ke6 0-1

[Event "European Rapid 2017"]
[Site "Katowice POL"]
[Date "2017.12.17"]
[Round "8.97"]
[White "Barski, Radoslaw"]
[Black "Celinski, Kamil"]
[Result "0-1"]
[WhiteTitle "IM"]
[WhiteElo "2452"]
[BlackElo "1878"]
[WhiteFideId "1131710"]
[BlackFideId "1177176"]
[EventDate "2017.12.16"]

1. e4 e5 2. Nf3 Nc6 3. Bb5 a6 4. Ba4 Nf6 5. O-O Nxe4 6. d4 exd4 7. Re1 d5 8.
Nxd4 Bd6 9. Nxc6 Bxh2+ 10. Kh1 Qh4 11. Rxe4+ dxe4 12. Qd8+ Qxd8 13. Nxd8+ Kxd8
14. Kxh2 Be6 15. Nc3 c5 16. Nxe4 b5 17. Nxc5 bxa4 18. Bg5+ Kc7 19. Nxa4 h6 20.
Be3 Kc6 21. b3 Rhd8 22. c4 f6 23. Rc1 Bf7 24. b4 Rd3 25. Nc5 Ra3 26. Nxa6 R3xa6
27. b5+ Kb7 28. bxa6+ Rxa6 29. c5 Bxa2 30. Rd1 Rc6 31. Rd7+ Rc7 32. Rd2 Be6 33.
Rb2+ Kc6 34. Rb6+ Kd7 35. Rd6+ Ke7 36. Ra6 Bd7 37. Bf4 Rc8 38. Bd6+ Ke6 39. Ra7
g6 40. Kg3 h5 41. Kf4 Re8 42. f3 Rc8 43. Ke4 g5 44. Kd4 f5 45. Ra1 h4 46. Re1+
Kf6 47. Be7+ Kg6 48. Kd5 Bc6+ 49. Kd6 g4 50. Re6+ Kg7 51. Bxh4 gxf3 52. gxf3
Bxf3 53. Re7+ Kg6 54. Bf2 Bc6 55. Bg3 Ba4 56. Be5 Kh6 57. Ra7 Be8 58. Ra2 Bb5
59. Rh2+ Kg5 60. Rg2+ Kh5 61. Rg1 Rc6+ 62. Kd5 Rc8 63. Bd6 Bc6+ 64. Ke5 Be4 65.
Kf6 Kh4 66. Ke6 Ra8 67. Rg7 Ra6 68. Ke5 Rc6 69. Kf4 Kh5 70. Rg5+ Kh4 71. Be7 Kh3
72. Rg3+ Kh2 73. Bd6 Ra6 74. Kg5 Ra8 75. Kf6 Kh1 76. Ke7 Ra7+ 77. Ke6 Ra6 78.
Kd7 Ra7+ 79. Ke6 Ra6 80. Ke5 Kh2 81. Kf6 Kh1 82. Ke5 Kh2 83. Rg7 Kh3 84. Kf4 Ra3
85. Ke5 Ra6 86. Kf6 f4 87. Ke5 f3 88. Kxe4 f2 89. Rf7 0-1

[Event "European Rapid 2017"]
[Site "Katowice POL"]
[Date "2017.12.17"]
[Round "8.98"]
[White "Cherepov, Alexej"]
[Black "Szpar, Milosz"]
[Result "0-1"]
[BlackTitle "FM"]
[WhiteElo "2156"]
[BlackElo "2367"]
[WhiteFideId "13503650"]
[BlackFideId "1184989"]
[EventDate "2017.12.16"]

1. d4 d6 2. Nf3 Nf6 3. c4 g6 4. Nc3 Bg7 5. Bf4 O-O 6. h3 c5 7. e3 Nc6 8. d5 Na5
9. Be2 Qb6 10. Qc2 e6 11. O-O Re8 12. e4 e5 13. Be3 Qd8 14. a3 b6 15. b4 Nb7 16.
Ne1 Bd7 17. Nd3 Rc8 18. bxc5 dxc5 19. f4 exf4 20. Nxf4 Nxe4 21. Nxe4 Bf5 22.
Rae1 Bxe4 23. Bd3 Nd6 24. Kh1 Qh4 25. Kh2 Bxd3 26. Nxd3 Qxc4 27. Qxc4 Nxc4 28.
Bf4 Red8 29. Nc1 Rxd5 30. Re7 Nxa3 31. Rxa7 Nc4 32. Rb7 Rf5 33. Rf3 Rxf4 34.
Rxf4 Be5 35. g3 Bxf4 36. gxf4 Rd8 37. Kg3 Rd2 38. Kf3 Rh2 39. Kg4 h5+ 40. Kg5
Kg7 41. f5 Rg2+ 42. Kh4 Kh6 43. fxg6 fxg6 0-1

[Event "European Rapid 2017"]
[Site "Katowice POL"]
[Date "2017.12.17"]
[Round "8.99"]
[White "Musial, Tomasz"]
[Black "Horton, Andrew P"]
[Result "0-1"]
[BlackTitle "FM"]
[WhiteElo "2078"]
[BlackElo "2397"]
[WhiteFideId "1199560"]
[BlackFideId "424269"]
[EventDate "2017.12.16"]

1. e4 e5 2. Nf3 Nc6 3. Nc3 Nf6 4. d4 exd4 5. Nd5 Nb4 6. Nxf6+ Qxf6 7. a3 Nc6 8.
Bb5 Bc5 9. b4 Bb6 10. Bb2 O-O 11. O-O a6 12. Bxc6 Qxc6 13. Re1 Qg6 14. Nxd4 d6
15. Re3 f6 16. Qd3 Re8 17. Rae1 Bd7 18. c4 Qf7 19. R3e2 a5 20. Nf5 axb4 21. axb4
Be6 22. Ne3 Bxe3 23. Rxe3 Bxc4 24. Qc3 b5 25. Rg3 Re6 26. Qf3 Rae8 27. Rg4 d5
28. e5 fxe5 29. Qg3 d4 30. Rge4 Qf6 31. h4 R6e7 32. Bc1 h6 33. Bb2 Bf7 34. R4e2
Bh5 35. Re4 Bg6 36. R4e2 Bf5 37. Qb3+ Kh7 38. Qg3 Re6 39. f3 Bd3 40. Rd2 Bc4 41.
Rf2 Qf5 42. Re4 Rg6 43. Qh2 Bd5 44. Re1 Rge6 45. Qg3 Qg6 46. Qh2 Qf6 47. Qg3 Qf8
48. Rfe2 Qd6 49. Ba3 Rg6 50. Qh2 Bxf3 51. Rf2 Bd5 52. h5 Rf6 53. Rfe2 Bc4 54.
Rxe5 Rxe5 55. Qxe5 Rf1+ 56. Kh2 Rxe1 0-1

[Event "European Rapid 2017"]
[Site "Katowice POL"]
[Date "2017.12.17"]
[Round "8.100"]
[White "Georgiev, Kiril"]
[Black "Avdiu, Nysret"]
[Result "1-0"]
[WhiteTitle "GM"]
[WhiteElo "2623"]
[BlackElo "1867"]
[WhiteFideId "2900017"]
[BlackFideId "4700813"]
[EventDate "2017.12.16"]

1. d4 d5 2. Nf3 Nf6 3. c4 e6 4. Nc3 Bb4 5. cxd5 exd5 6. Qa4+ Nc6 7. Bg5 O-O 8.
e3 h6 9. Bxf6 Qxf6 10. Be2 Be6 11. a3 Bd6 12. Nb5 Bd7 13. Nxd6 Qxd6 14. O-O Ne7
15. Qc2 Bf5 16. Qc3 c6 17. b4 a6 18. Rfc1 Be4 19. Nd2 Bf5 20. a4 Qg6 21. b5 axb5
22. axb5 Bd7 23. Qb4 Qf6 24. bxc6 Bxc6 25. Nf3 Ng6 26. h3 Rfe8 27. Bd3 Nh4 28.
Ne5 Rxa1 29. Rxa1 g6 30. Ng4 Qg7 31. Qd6 h5 32. Nf6+ 1-0

[Event "European Rapid 2017"]
[Site "Katowice POL"]
[Date "2017.12.17"]
[Round "9.3"]
[White "Kovalenko, Igor"]
[Black "Demidov, Mikhail"]
[Result "1/2-1/2"]
[WhiteTitle "GM"]
[BlackTitle "IM"]
[WhiteElo "2639"]
[BlackElo "2523"]
[WhiteFideId "14117908"]
[BlackFideId "4197143"]
[EventDate "2017.12.16"]

1. d4 d5 2. Nf3 Nf6 3. c4 c6 4. Nc3 dxc4 5. a4 Bf5 6. Ne5 Na6 7. e3 Nb4 8. Bxc4
e6 9. O-O Bc2 10. Qe2 Be7 11. Na2 Nxa2 12. Rxa2 Be4 13. Rd1 O-O 14. b3 Qc7 15.
f3 Bd5 16. e4 Bxc4 17. Nxc4 Rfd8 18. Rad2 Rac8 19. Rd3 b5 20. Ne3 a6 21. Qc2 c5
22. Ba3 cxd4 23. Qxc7 Rxc7 24. Bxe7 Rxe7 25. Rxd4 Red7 26. Rxd7 Rxd7 27. Rc1 Kf8
28. axb5 axb5 29. b4 Rd4 30. Rc8+ Ke7 31. Nc2 Rd1+ 32. Kf2 Rd2+ 33. Kf1 Nd7 34.
Rc3 Ne5 35. Na3 Rd4 36. Nxb5 Rxb4 37. Na3 g5 38. Nc2 Rc4 39. Rxc4 Nxc4 40. Ke2
f5 41. Kd3 Ne5+ 42. Kd4 Kf6 43. Ne3 Nc6+ 44. Kc5 Ne5 45. exf5 exf5 46. Kd6 Nf7+
47. Kd5 Ne5 48. Kc5 Ke6 49. Kd4 Nc6+ 50. Kd3 Ne5+ 51. Ke2 f4 52. Nc2 Kd5 53.
Nb4+ Kc4 54. Na6 Kd5 55. Nc7+ Kd6 56. Nb5+ Ke6 57. Nc3 Kf5 58. Ne4 h6 59. Nf2 h5
60. Nd3 Nc6 61. Nc5 Ke5 1/2-1/2

[Event "European Rapid 2017"]
[Site "Katowice POL"]
[Date "2017.12.17"]
[Round "9.4"]
[White "Kovalev, Vladislav"]
[Black "Fedorchuk, Sergey A."]
[Result "1/2-1/2"]
[WhiteTitle "GM"]
[BlackTitle "GM"]
[WhiteElo "2639"]
[BlackElo "2648"]
[WhiteFideId "13504398"]
[BlackFideId "14102536"]
[EventDate "2017.12.16"]

1. e4 c5 2. Nf3 e6 3. d4 cxd4 4. Nxd4 a6 5. Nc3 Qc7 6. Be2 Nf6 7. O-O Be7 8. f4
d6 9. a4 O-O 10. Kh1 b6 11. Bf3 Bb7 12. Qe2 Nc6 13. Be3 Rfe8 14. Rad1 Bf8 15.
Qf2 Rab8 16. g4 Ba8 17. g5 Nd7 18. Bg2 Nxd4 19. Bxd4 b5 20. axb5 axb5 21. f5 Ne5
22. fxe6 Rxe6 23. Ra1 Bc6 24. Nd5 Bxd5 25. exd5 Ree8 26. Ra7 Rb7 27. Rxb7 Qxb7
28. Ra1 Qc8 29. Ra7 Re7 30. Ra1 Qe8 31. h3 Nc4 32. b3 Ne3 33. Bf3 Nf5 34. Bb2 g6
35. Bf6 Bg7 36. Bg4 Bxf6 37. gxf6 Re5 38. Qa7 h5 39. Bxf5 Rxf5 40. Qe7 Re5 41.
Qxe8+ Rxe8 42. Ra6 Re1+ 43. Kg2 Re2+ 44. Kf3 Rxc2 45. Rxd6 g5 46. Ke4 Kh7 47.
Kf5 Kh6 48. Rd8 Rf2+ 49. Ke5 Re2+ 50. Kf5 Rf2+ 51. Ke5 Re2+ 52. Kf5 Rf2+ 53. Ke5
Re2+ 54. Kf5 Rf2+ 55. Ke5 Re2+ 1/2-1/2

[Event "European Rapid 2017"]
[Site "Katowice POL"]
[Date "2017.12.17"]
[Round "9.5"]
[White "Saric, Ante"]
[Black "Bartel, Mateusz"]
[Result "1/2-1/2"]
[WhiteTitle "GM"]
[BlackTitle "GM"]
[WhiteElo "2540"]
[BlackElo "2609"]
[WhiteFideId "14506254"]
[BlackFideId "1112635"]
[EventDate "2017.12.16"]

1. Nf3 d5 2. d4 Nf6 3. c4 c6 4. Qb3 dxc4 5. Qxc4 Bg4 6. Nbd2 Nbd7 7. g3 e6 8.
Bg2 Be7 9. O-O O-O 10. Qb3 Qb6 11. Nc4 Qa6 12. Bg5 h6 13. Bxf6 Bxf6 14. e3 Bxf3
15. Bxf3 Nb6 16. Rac1 Nxc4 17. Rxc4 Be7 18. h4 Qb6 19. Qc2 Rad8 20. Kg2 Rd7 21.
Rd1 1/2-1/2

[Event "European Rapid 2017"]
[Site "Katowice POL"]
[Date "2017.12.17"]
[Round "9.6"]
[White "Potkin, Vladimir"]
[Black "Moranda, Wojciech"]
[Result "1/2-1/2"]
[WhiteTitle "GM"]
[BlackTitle "GM"]
[WhiteElo "2574"]
[BlackElo "2593"]
[WhiteFideId "4131061"]
[BlackFideId "1122401"]
[EventDate "2017.12.16"]

1. d4 Nf6 2. c4 e6 3. Nf3 d5 4. Nc3 c6 5. e3 a6 6. b3 c5 7. cxd5 cxd4 8. Qxd4
exd5 9. Bb2 Nc6 10. Qd3 Be6 11. Be2 Bd6 12. O-O O-O 13. Rac1 Qe7 14. Nd4 Rac8
15. Rfd1 Be5 16. Na4 Ne4 17. g3 Qf6 18. f4 Bxd4 19. Bxd4 Qg6 20. Bf3 Bg4 21.
Bxg4 Qxg4 22. Bb2 Nxg3 23. hxg3 Qxg3+ 24. Kf1 Qf3+ 25. Kg1 Qg3+ 26. Kf1 Qf3+ 27.
Kg1 Qg3+ 28. Kf1 Qf3+ 1/2-1/2

[Event "European Rapid 2017"]
[Site "Katowice POL"]
[Date "2017.12.17"]
[Round "9.7"]
[White "Castellanos Rodriguez, Renier"]
[Black "Brunello, Sabino"]
[Result "1/2-1/2"]
[WhiteTitle "IM"]
[BlackTitle "GM"]
[WhiteElo "2501"]
[BlackElo "2553"]
[WhiteFideId "3404650"]
[BlackFideId "813613"]
[EventDate "2017.12.16"]

1. d4 d5 2. Nf3 Nf6 3. c4 c6 4. e3 Bf5 5. Nc3 e6 6. Nh4 Be4 7. f3 Bg6 8. Qb3 Qb6
9. Nxg6 hxg6 10. Bd2 Nbd7 11. O-O-O Qxb3 12. axb3 O-O-O 13. Bd3 Bd6 14. h3 a6
15. Kc2 Kb8 16. Rhf1 e5 17. f4 exd4 18. exd4 c5 19. dxc5 Nxc5 20. Be3 Nxd3 21.
Rxd3 dxc4 22. bxc4 Rhe8 1/2-1/2

[Event "European Rapid 2017"]
[Site "Katowice POL"]
[Date "2017.12.17"]
[Round "9.8"]
[White "Goluch, Piotr"]
[Black "Ragger, Markus"]
[Result "1-0"]
[WhiteTitle "FM"]
[BlackTitle "GM"]
[WhiteElo "2308"]
[BlackElo "2657"]
[WhiteFideId "1137840"]
[BlackFideId "1610856"]
[EventDate "2017.12.16"]

1. e4 e5 2. Nf3 Nc6 3. Bb5 a6 4. Bxc6 dxc6 5. O-O f6 6. d4 exd4 7. Nxd4 c5 8.
Nb3 Qxd1 9. Rxd1 Bg4 10. f3 Be6 11. Be3 b6 12. Nc3 Bd6 13. a4 Ne7 14. a5 Bxb3
15. cxb3 b5 16. Nd5 O-O-O 17. Rac1 Nxd5 18. exd5 Rhe8 19. Bxc5 Re2 20. Bd4 Bf4
21. Rc5 Rd2 22. Rxd2 Bxd2 23. Rc2 Bxa5 24. Bc5 Kb7 25. b4 Bb6 26. Bxb6 Kxb6 27.
Rc6+ Kb7 28. Rc5 Rd6 29. Kf2 Kb6 30. Ke3 a5 31. Ke4 axb4 32. Rc2 b3 33. Rc3 Rd7
34. Kd4 Re7 35. Rc6+ Ka5 36. Re6 Rf7 37. Kc5 g5 38. Re1 Ka6 39. Kc6 Ka7 40. Re8
f5 41. Rc8 Rf6+ 42. Kxc7 Ra6 43. Re8 Ra4 44. Re6 Rc4+ 45. Rc6 Rc2 46. d6 Rxb2
47. d7 Rd2 48. Re6 b2 49. Re1 Rc2+ 50. Kd6 Rxg2 51. d8=Q Rd2+ 52. Ke7 Rxd8 53.
Kxd8 Kb6 54. Rb1 Kc5 55. Rxb2 b4 56. Ke7 g4 57. f4 Kc4 58. Ke6 Kc3 59. Rb1 h5
60. Kxf5 b3 61. Ke4 1-0

[Event "European Rapid 2017"]
[Site "Katowice POL"]
[Date "2017.12.17"]
[Round "9.9"]
[White "Fressinet, Laurent"]
[Black "Vavulin, Maksim"]
[Result "0-1"]
[WhiteTitle "GM"]
[BlackTitle "IM"]
[WhiteElo "2662"]
[BlackElo "2575"]
[WhiteFideId "608742"]
[BlackFideId "4169530"]
[EventDate "2017.12.16"]

1. e4 e5 2. Nf3 Nc6 3. Bc4 Nf6 4. d3 h6 5. O-O d6 6. c3 g6 7. Nbd2 Bg7 8. a4 a5
9. Re1 O-O 10. Nf1 d5 11. exd5 Nxd5 12. Ng3 Be6 13. Bd2 Re8 14. Bb5 Nde7 15. h3
Rf8 16. Rc1 Bd5 17. Be3 b6 18. d4 e4 19. Ne5 Na7 20. Bf1 f6 21. Nc4 f5 22. Bf4
Nac6 23. h4 Kh7 24. Ne3 Bf7 25. d5 Nxd5 26. Nxd5 Bxd5 27. Bxc7 Qxc7 28. Qxd5
Rad8 29. Qc4 e3 30. f4 g5 31. Nh5 gxf4 32. Nxf4 Rfe8 33. Ne6 Qg3 34. Qf4 Qxf4
35. Nxf4 Re4 36. g3 Ne7 37. Bg2 Re5 38. Re2 Ng6 39. Rce1 Rd2 40. Rxe3 Rxe3 41.
Rxe3 Nxf4 42. gxf4 Rxb2 43. Bh3 Kg6 44. h5+ Kf6 45. Re5 Rb3 46. Rxf5+ Ke7 47.
Rd5 Bxc3 48. Rd7+ Kf6 49. Rd6+ Ke7 50. Rd7+ Kf6 51. Rd6+ Ke7 52. Rd7+ Kf6 53.
Kg2 Bb4 54. Rb7 Bd6 55. Bd7 Bxf4 56. Bb5 Be3 57. Rf7+ Kg5 58. Rg7+ Kf4 59. Rf7+
Kg5 60. Rg7+ Kh4 61. Be2 Bg5 62. Rc7 Rg3+ 63. Kf1 Be3 64. Rc4+ Kg5 65. Bd1 Rg1+
66. Ke2 Kxh5 67. Rc8 Bc5 68. Kd2+ Kh4 69. Rh8 Rg6 70. Bc2 Rd6+ 71. Ke2 Re6+ 72.
Kf3 h5 73. Bf5 Re5 74. Bg6 Rg5 75. Be8 Rg3+ 76. Kf4 Bd6+ 77. Ke4 Rg5 78. Kf3 Be5
79. Rh7 Bd4 80. Kf4 Bc3 81. Kf3 Rf5+ 82. Kg2 Bd4 83. Rh6 Rf2+ 84. Kh1 Rf1+ 85.
Kg2 Rf2+ 86. Kh1 Kg3 87. Rg6+ Kf4 88. Rg8 Rf1+ 89. Kh2 Rf2+ 90. Kh1 Re2 91. Bxh5
Re7 92. Be8 Bg7 93. Bb5 Kg3 94. Re8 Rc7 95. Re3+ Kf2 96. Re2+ Kf3 97. Re6 Bd4
98. Bc6+ Kf2 99. Be4 Rc5 100. Bg6 Be5 101. Bc2 Rxc2 102. Rxe5 Rc4 103. Rf5+ Ke3
104. Rf6 Rb4 105. Kg2 Kd3 106. Rc6 Rxa4 107. Rxb6 Rb4 108. Rc6 a4 109. Kf2 a3
110. Ra6 Rb2+ 111. Kf3 a2 0-1

[Event "European Rapid 2017"]
[Site "Katowice POL"]
[Date "2017.12.17"]
[Round "9.10"]
[White "Inarkiev, Ernesto"]
[Black "Tregubov, Pavel V."]
[Result "0-1"]
[WhiteTitle "GM"]
[BlackTitle "GM"]
[WhiteElo "2689"]
[BlackElo "2575"]
[WhiteFideId "4162722"]
[BlackFideId "4115341"]
[EventDate "2017.12.16"]

1. Nf3 c5 2. e4 e6 3. b3 a6 4. Bb2 Nc6 5. c4 Nf6 6. e5 Ng4 7. h3 Nh6 8. g4 Be7
9. Nc3 f6 10. exf6 Bxf6 11. Bd3 Nf7 12. g5 Bd4 13. h4 Nfe5 14. Nxe5 Nxe5 15. Qc2
Nxd3+ 16. Qxd3 b5 17. O-O-O bxc4 18. Qf3 Rb8 19. Ne4 d5 20. Nxc5 Bxc5 21. Bxg7
Rg8 22. Qh5+ Kd7 23. Bf6 Qa5 24. Qxh7+ Kc6 25. Qxg8 Qxa2 26. Rh3 Ba3+ 0-1

[Event "European Rapid 2017"]
[Site "Katowice POL"]
[Date "2017.12.17"]
[Round "9.11"]
[White "Hracek, Zbynek"]
[Black "Navara, David"]
[Result "0-1"]
[WhiteTitle "GM"]
[BlackTitle "GM"]
[WhiteElo "2592"]
[BlackElo "2740"]
[WhiteFideId "300071"]
[BlackFideId "309095"]
[EventDate "2017.12.16"]

1. Nf3 c5 2. c4 Nc6 3. d4 cxd4 4. Nxd4 Nf6 5. Nc3 e6 6. g3 Qb6 7. Ndb5 Ne5 8.
Bf4 Nfg4 9. e3 a6 10. Qa4 Rb8 11. Be2 axb5 12. Nxb5 f5 13. O-O g5 14. Bxg5 Kf7
15. b4 d6 16. Rad1 Bd7 17. c5 dxc5 18. f3 Nf6 19. Bxf6 Bxb5 20. Bxb5 Kxf6 21.
bxc5 Bxc5 22. Qh4+ Kg6 23. Rb1 Bxe3+ 24. Kg2 Qd8 25. Qa4 Qd2+ 26. Kh3 Nf7 27. f4
Ng5+ 28. fxg5 h6 0-1

[Event "European Rapid 2017"]
[Site "Katowice POL"]
[Date "2017.12.17"]
[Round "9.13"]
[White "Miezis, Normunds"]
[Black "McShane, Luke J"]
[Result "1-0"]
[WhiteTitle "GM"]
[BlackTitle "GM"]
[WhiteElo "2434"]
[BlackElo "2640"]
[WhiteFideId "11600136"]
[BlackFideId "404853"]
[EventDate "2017.12.16"]

1. c4 g6 2. Nc3 Bg7 3. g3 Nf6 4. Bg2 O-O 5. e4 d6 6. Nge2 e5 7. O-O c6 8. d4
Nbd7 9. h3 a6 10. a4 a5 11. Be3 exd4 12. Bxd4 Re8 13. f4 Qe7 14. g4 Nf8 15. f5
N6d7 16. Bxg7 Kxg7 17. Qd2 f6 18. Rad1 Ne5 19. g5 Nfd7 20. Nf4 Nc5 21. gxf6+
Qxf6 22. fxg6 Qg5 23. Qxd6 hxg6 24. Kh1 Nf7 25. Qd4+ Qe5 26. Qf2 Ng5 27. Qg3
Bxh3 28. Bxh3 Re7 29. Rd6 Rf8 30. Rxg6+ Kh8 31. Rxg5 Nxe4 32. Ng6+ Kh7 33. Qh4+ 1-0

[Event "European Rapid 2017"]
[Site "Katowice POL"]
[Date "2017.12.17"]
[Round "9.14"]
[White "Ponkratov, Pavel"]
[Black "Michalik, Peter"]
[Result "1-0"]
[WhiteTitle "GM"]
[BlackTitle "GM"]
[WhiteElo "2613"]
[BlackElo "2557"]
[WhiteFideId "4157800"]
[BlackFideId "14907526"]
[EventDate "2017.12.16"]

1. e4 c5 2. Nf3 Nc6 3. d4 cxd4 4. Nxd4 Nf6 5. Nc3 d6 6. Bg5 e6 7. Qd2 a6 8.
O-O-O Bd7 9. f4 b5 10. Bxf6 gxf6 11. Kb1 Qb6 12. Nce2 Na5 13. b3 Rb8 14. f5 Nc4
15. Qc1 e5 16. Nf3 Ne3 17. Rd3 Bh6 18. Nc3 Nxf5 19. Qe1 Ne7 20. Qd1 d5 21. Nxd5
Nxd5 22. Rxd5 Be6 23. Rd6 Qb7 24. Nxe5 fxe5 25. Rxe6+ fxe6 26. Qh5+ Qf7 27. Qxh6
Qg6 28. Qe3 O-O 29. Be2 Kh8 30. g3 Rbd8 31. h4 Rd4 32. Bd3 Qg4 33. Kb2 b4 34.
Bxa6 Rxe4 35. Qc5 Qg7 36. h5 h6 37. Kb1 Rd8 38. Bc4 Red4 39. Qxb4 e4 40. Rc1 Rd1
41. Qa3 Qc3 42. Qb2 Rxc1+ 43. Qxc1 e3 44. Qf1 Kg7 45. Bxe6 Rf8 46. Qd1 Qd2 47.
Qg4+ Kf6 48. Bc4 Rd8 49. Qe6+ 1-0

[Event "European Rapid 2017"]
[Site "Katowice POL"]
[Date "2017.12.17"]
[Round "9.15"]
[White "Kantans, Toms"]
[Black "Rodshtein, Maxim"]
[Result "1-0"]
[WhiteTitle "GM"]
[BlackTitle "GM"]
[WhiteElo "2484"]
[BlackElo "2699"]
[WhiteFideId "11602945"]
[BlackFideId "2806851"]
[EventDate "2017.12.16"]

1. e4 c6 2. d4 d5 3. exd5 cxd5 4. c4 Nf6 5. Nc3 g6 6. Qb3 Bg7 7. cxd5 O-O 8.
Nge2 Na6 9. g3 b5 10. Bg2 b4 11. Na4 Bb7 12. Nf4 g5 13. Ne2 g4 14. Nf4 Qa5 15.
Be3 Rad8 16. Nc5 Nxc5 17. dxc5 Bh6 18. c6 Ba6 19. O-O-O Bb5 20. Rd4 Rb8 21. Kb1
Ba4 22. Qd3 Bg7 23. h3 Bb5 24. Qd2 Rfd8 25. hxg4 e5 26. dxe6 Bc4 27. b3 Nxg4 28.
bxc4 Nxe3 29. exf7+ Kxf7 30. Rd7+ Rxd7 31. Qxd7+ Kg8 32. fxe3 1-0

[Event "European Rapid 2017"]
[Site "Katowice POL"]
[Date "2017.12.17"]
[Round "9.16"]
[White "Miton, Kamil"]
[Black "Stocek, Jiri"]
[Result "1/2-1/2"]
[WhiteTitle "GM"]
[BlackTitle "GM"]
[WhiteElo "2584"]
[BlackElo "2566"]
[WhiteFideId "1111914"]
[BlackFideId "304760"]
[EventDate "2017.12.16"]

1. e4 Nf6 2. Nc3 e6 3. e5 Nd5 4. Nf3 d6 5. exd6 Bxd6 6. Ne4 b6 7. d4 Bb7 8. Bb5+
Nd7 9. Nxd6+ cxd6 10. O-O O-O 11. Bd3 Rc8 12. Bd2 h6 13. Qe2 N7f6 14. a4 a5 15.
c3 Re8 16. Rfe1 Nh5 17. g3 Nhf6 18. Bb5 Bc6 19. Bxc6 Rxc6 20. c4 Ne7 21. b3 Rc8
22. Rac1 Qd7 23. Bc3 Qb7 24. Bb2 d5 25. Ne5 Nc6 26. Qf3 Nxe5 27. dxe5 Ne4 28.
cxd5 Rxc1 29. Rxc1 Nd2 30. Qd3 Qxd5 31. Qxd5 exd5 32. Rc3 Ne4 33. Rc6 Rb8 34. e6
fxe6 35. Rc7 g5 36. Rg7+ Kf8 37. Rh7 Re8 38. Rb7 e5 39. Rxb6 d4 40. Rb5 Rd8 41.
Rxe5 d3 42. Bc1 d2 43. Bxd2 Nxd2 44. Rxa5 Nxb3 45. Ra7 g4 46. Kg2 Rd5 47. h3 h5
48. hxg4 hxg4 49. Rb7 Nd4 50. Rb4 Ke7 51. a5 Nc6 52. Rxg4 Rxa5 53. Rf4 Ne5 54.
Rf5 Ke6 55. Rh5 Ra2 56. Rh6+ Kf7 57. Rh5 Nd3 58. Rf5+ Kg6 59. Rf8 Kg7 1/2-1/2

[Event "European Rapid 2017"]
[Site "Katowice POL"]
[Date "2017.12.17"]
[Round "9.17"]
[White "Neiksans, Arturs"]
[Black "Jaracz, Pawel"]
[Result "0-1"]
[WhiteTitle "GM"]
[BlackTitle "GM"]
[WhiteElo "2590"]
[BlackElo "2465"]
[WhiteFideId "11601388"]
[BlackFideId "1102222"]
[EventDate "2017.12.16"]

1. e4 c5 2. Nf3 e6 3. d4 cxd4 4. Nxd4 Nc6 5. Nc3 Qc7 6. Be3 a6 7. Qf3 d6 8. Nxc6
Qxc6 9. Bd3 Nf6 10. Qg3 b5 11. a3 Bb7 12. O-O-O g6 13. Qh4 Bg7 14. Bh6 O-O 15.
Bxg7 Kxg7 16. g4 e5 17. f4 Qc5 18. Rhf1 exf4 19. g5 Nh5 20. Be2 f6 21. Bxh5 fxg5
22. Qh3 gxh5 23. Qxh5 Rae8 24. Rg1 Re5 25. h4 h6 26. hxg5 Rxg5 27. Rxg5+ Qxg5
28. Qf3 Qg3 29. Qh1 Qe3+ 30. Kb1 f3 31. Rxd6 f2 32. Rd7+ Rf7 33. Nd1 Bxe4 34.
Qf1 Qe1 35. Rxf7+ Kxf7 36. Qxf2+ Qxf2 37. Nxf2 Bf5 38. Kc1 Ke6 39. Kd2 Ke5 40.
Ke3 h5 41. c3 h4 42. Kf3 Kd5 43. Kf4 Bc2 44. Ng4 Kc4 45. Ne5+ Kb3 46. Kg4 Bd1+
47. Kxh4 Be2 48. Kg3 Kxb2 49. Kf2 Bc4 50. Ke3 Kxc3 51. Nc6 Bd5 52. Nb4 Bb7 53.
Nd3 a5 54. Nc5 Bd5 55. Ke2 Kd4 56. Na6 Kc3 57. Kd1 Kb2 58. Nc5 Kxa3 59. Kc2 b4
60. Kb1 a4 61. Nd3 Be4 62. Ka1 b3 63. Nb2 Kb4 64. Nd1 a3 65. Nc3 b2+ 0-1

[Event "European Rapid 2017"]
[Site "Katowice POL"]
[Date "2017.12.17"]
[Round "9.18"]
[White "Moskalenko, Alexander"]
[Black "Andriasian, Zaven"]
[Result "0-1"]
[WhiteTitle "IM"]
[BlackTitle "GM"]
[WhiteElo "2522"]
[BlackElo "2585"]
[WhiteFideId "4155351"]
[BlackFideId "13302000"]
[EventDate "2017.12.16"]

1. e4 c5 2. Nf3 d6 3. d4 cxd4 4. Nxd4 Nf6 5. Nc3 a6 6. Be2 g6 7. O-O Bg7 8. Re1
O-O 9. Bf1 Nc6 10. Nb3 Bg4 11. f3 Be6 12. Bg5 h6 13. Bh4 g5 14. Bf2 Nd7 15. Rb1
b5 16. Nd5 b4 17. Qd2 a5 18. Bb5 Nde5 19. c3 Rb8 20. c4 Bd7 21. Rbc1 a4 22. Bxa4
Nxf3+ 23. gxf3 Ne5 24. Qe2 Bxa4 25. Nd2 e6 26. b3 Bc6 27. Ne3 Ra8 28. Rc2 Ng6
29. Ng2 Be5 30. Bg3 Qf6 31. Rd1 Ra5 32. Nf1 h5 33. Be1 Rb8 34. a4 Kh8 35. Rcd2
Qe7 36. Bg3 Nf4 37. Nxf4 gxf4 38. Be1 Rg8+ 39. Kh1 f5 40. Rd4 Bxd4 41. Rxd4 fxe4
42. h4 Qg7 43. Qf2 e3 0-1

[Event "European Rapid 2017"]
[Site "Katowice POL"]
[Date "2017.12.17"]
[Round "9.19"]
[White "Ladva, Ottomar"]
[Black "Saric, Ivan"]
[Result "0-1"]
[WhiteTitle "GM"]
[BlackTitle "GM"]
[WhiteElo "2522"]
[BlackElo "2669"]
[WhiteFideId "4500024"]
[BlackFideId "14508150"]
[EventDate "2017.12.16"]

1. d4 Nf6 2. Nf3 g6 3. Nc3 d5 4. Bf4 Bg7 5. Nb5 Na6 6. e3 O-O 7. h3 c6 8. Nc3 b6
9. Ne5 c5 10. Bb5 cxd4 11. exd4 Nc7 12. Bc6 Rb8 13. O-O b5 14. a4 b4 15. Nb5 Ne6
16. Nxf7 Kxf7 17. Bxb8 Qb6 18. Be5 a6 19. Bxf6 Bxf6 20. Bxd5 axb5 21. c3 Kg7 22.
Bxe6 Bxe6 23. a5 Qd6 24. a6 bxc3 25. bxc3 Ra8 26. a7 Qd7 27. Re1 Bc4 28. Qf3
Rxa7 29. Rxa7 Qxa7 30. Qc6 h5 31. Re3 h4 32. Qc5 Qxc5 33. dxc5 Kf7 34. g3 g5 35.
gxh4 gxh4 36. Kg2 Ke8 37. Kf3 Kd7 38. Kg4 Kc6 39. f4 Kxc5 40. f5 Bf1 41. Re1 Bd3
42. Re3 Kc4 0-1